000 00809cab a2200253 4500
001 WB3421-22
008 090401t1998 xxu||||| |||| 00| 0 eng d
035 _a(Sirsi) u86567
041 _aeng
245 _aNetwork of new footpaths proposed
260 _c1998
350 _a0
490 _aDaily Telegraph
_v3 June 1996, 4
490 _aYorkshire Post
_v3 June 1998, 14(2)
520 _aThe Country Landowners Association have put forward plans to establish a permanent network of new public fiitpaths and bridleways to increase access to the countryside.
650 _aBRIDLEWAYS
650 _aCLA
650 _aCOUNTRY LANDOWNERS ASSOCIATION
650 _aPUBLIC FOOTPATHS
650 _aRIGHT TO ROAM
690 _aHIGHWAYS RIGHTS OF WAY AND EASEMENTS
942 _n0
948 _c03/06/1998
999 _c54496
_d54496